Prečo chceme, aby ste boli bohatí [dvaja muži - jeden odkaz]

Bibliographic Details
Main Authors: Trump, Donald, 1946- (Author), Kiyosaki, Robert T., 1947- (Author)
Other Authors: Galata, Jozef, 1942- (Translator)
Format: Book
Language:Slovak
English
PhysicalDescription:358 s., [1] s. fotogr. príl. fotogr., tab. 21 cm
Published: Bratislava Motýľ 2007
ISBN:9788089199570
Edition:1. vyd.
Subjects:

MARC

LEADER 00000nam a2200000 a 4500
001 vtls009094319
003 SK-MaSNL
005 20260302005406.0
008 240314s2007 xo ol d 000 0dslo
015 |a SNBA2009/03-01285 
020 |a 9788089199570  |q (brož.) 
035 |a 06CE4012-8ED5-4B80-BF34-3ED42CF3F6F9 
035 |a urn:nbn:sk:snk-amlbop 
035 |a urn:nbn:sk:snk-am00928a 
040 |a SNK  |b slo  |c SNK  |e AACR2 
041 1 |a slo  |h eng 
044 |a xo  |c SK 
072 7 |a 336.7  |x Financie  |2 konspekt 
080 |a 364.668  |2 2001 
080 |a 336.74  |2 2001 
080 |a 17.024.4:336.7  |2 2001 
080 |a 336.76  |2 2001 
080 |a (048.8)  |2 2001 
100 1 |a Trump, Donald,  |d 1946-  |4 aut  |9 194420 
240 1 0 |a Why we want you to be rich  |l Slovensky 
245 1 0 |a Prečo chceme, aby ste boli bohatí  |b [dvaja muži - jeden odkaz]  |c Donald J. Trump, Robert T. Kiyosaki ; [z anglického originálu preložil Jozef Galata] 
250 |a 1. vyd. 
260 |a Bratislava  |b Motýľ  |c 2007 
300 |a 358 s., [1] s. fotogr. príl.  |b fotogr., tab.  |c 21 cm 
500 |a Biogr. údaje 
650 0 7 |a bohatstvo  |2 SNKPH  |9 67751 
650 0 7 |a peniaze  |2 SNKPH  |9 2303 
650 0 7 |a finančný úspech  |2 SNKPH  |9 2269 
650 0 7 |a finančné investovanie  |2 SNKPH  |9 66791 
655 7 |a monografie  |2 SNKPH  |9 70139 
700 1 |a Kiyosaki, Robert T.,  |d 1947-  |4 aut  |9 133964 
700 1 |a Galata, Jozef,  |d 1942-  |4 trl  |9 114457 
919 |a 978-80-89199-57-0 
958 |a OP 
968 |b ENG  |d 33 
999 |c 999298  |d 1001228 
952 |a SNK  |b SNK  |y PREZ  |7 0  |p 17A0584911  |o snkSC 129443  |i snk2008/8233  |8 0  |0 0  |1 0  |4 0  |d 2008-04-10  |f 1  |l 0  |r 2025-06-18 00:00:00  |w 2026-02-24 
952 |a SNK  |b SNK  |y VYP  |7 0  |p 17A0584912  |o snkSC 129443 D1  |i snk2008/8234  |8 0  |0 0  |1 0  |4 0  |d 2008-04-10  |l 0  |r 2026-02-24 12:14:53  |w 2026-02-24 
952 |t snkPRE 339.1  |a SNKUST  |b SNKUST  |y PREZ  |7 0  |p 17A0509774  |o snkSC 129443 D2  |i snk2007/20522  |8 3  |0 0  |1 0  |4 0  |d 2007-09-13  |l 0  |r 2025-05-30 00:00:00  |w 2026-02-24